[Event "Blitz 2018"]
[Site "Saint-Petersburg"]
[Date "2018.12.29"]
[Round "5"]
[Board "69"]
[White "Khusnutdinov Rustam (KAZ)"]
[Black "Makarov Marat (RUS)"]
[Result "1-0"]
[LiveChessVersion "1.4.8"]
[BlackElo "2505"]
[WhiteElo "2582"]

1. b3 {[%clk 0:03:03]} e5 {[%clk 0:02:58]} 2. Bb2 {[%clk 0:03:04]} d6
{[%clk 0:03:00]} 3. e3 {[%clk 0:03:05]} Nc6 {[%clk 0:02:52]} 4. Nf3
{[%clk 0:02:56]} Nf6 {[%clk 0:02:52]} 5. d4 {[%clk 0:02:57]} e4 {[%clk 0:02:51]}
6. Nfd2 {[%clk 0:02:58]} h5 {[%clk 0:02:41]} 7. c4 {[%clk 0:02:56]} Bf5
{[%clk 0:02:38]} 8. Nc3 {[%clk 0:02:55]} g6 {[%clk 0:02:26]} 9. a3
{[%clk 0:02:17]} Bg7 {[%clk 0:02:26]} 10. b4 {[%clk 0:02:18]} O-O
{[%clk 0:02:03]} 11. Qb3 {[%clk 0:02:17]} Re8 {[%clk 0:01:53]} 12. Be2
{[%clk 0:01:51]} Qe7 {[%clk 0:01:16]} 13. O-O-O {[%clk 0:01:35]} Ng4
{[%clk 0:01:11]} 14. Nd5 {[%clk 0:01:15]} Qd8 {[%clk 0:01:03]} 15. Rdf1
{[%clk 0:01:16]} Ne7 {[%clk 0:00:50]} 16. h3 {[%clk 0:01:09]} Nh6
{[%clk 0:00:26]} 17. Nc3 {[%clk 0:01:08]} c5 {[%clk 0:00:27]} 18. d5
{[%clk 0:01:01]} cxb4 {[%clk 0:00:28]} 19. axb4 {[%clk 0:01:02]} a5
{[%clk 0:00:27]} 20. b5 a4 21. Qb4 {[%clk 0:00:52]} Nc8 {[%clk 0:00:29]} 22. Ncb1
{[%clk 0:00:46]} Nb6 {[%clk 0:00:21]} 23. Bxg7 {[%clk 0:00:45]} Kxg7
{[%clk 0:00:22]} 24. Qc3+ {[%clk 0:00:47]} Qf6 {[%clk 0:00:19]} 25. Qxf6+
{[%clk 0:00:46]} Kxf6 {[%clk 0:00:20]} 26. Na3 {[%clk 0:00:47]} Rac8
{[%clk 0:00:13]} 27. Kb2 {[%clk 0:00:48]} Rc5 {[%clk 0:00:14]} 28. Ndb1
{[%clk 0:00:34]} Kg7 {[%clk 0:00:14]} 29. Nc3 {[%clk 0:00:35]} h4
{[%clk 0:00:15]} 30. g4 {[%clk 0:00:32]} hxg3 {[%clk 0:00:15]} 31. fxg3 g5 32. h4
{[%clk 0:00:32]} g4 {[%clk 0:00:18]} 33. Rf2 {[%clk 0:00:32]} Re5
{[%clk 0:00:18]} 34. Rhf1 {[%clk 0:00:33]} Rc8 {[%clk 0:00:19]} 35. Na2
{[%clk 0:00:30]} Kg6 {[%clk 0:00:20]} 36. Nb4 {[%clk 0:00:31]} Nd7
{[%clk 0:00:21]} 37. Nbc2 {[%clk 0:00:31]} Nc5 {[%clk 0:00:21]} 38. Nd4
{[%clk 0:00:32]} Rd8 {[%clk 0:00:10]} 39. Kc3 {[%clk 0:00:31]} Bc8
{[%clk 0:00:10]} 40. Nac2 {[%clk 0:00:28]} f5 {[%clk 0:00:11]} 41. Nb4
{[%clk 0:00:27]} Bd7 {[%clk 0:00:11]} 42. Bd1 {[%clk 0:00:25]} Ra8
{[%clk 0:00:11]} 43. Ra2 {[%clk 0:00:26]} Nf7 {[%clk 0:00:11]} 44. Bc2
{[%clk 0:00:27]} Ree8 {[%clk 0:00:12]} 45. Rfa1 {[%clk 0:00:28]} Ne5
{[%clk 0:00:12]} 46. Bxa4 {[%clk 0:00:27]} Nf3 {[%clk 0:00:12]} 47. Bc2
{[%clk 0:00:26]} Rxa2 {[%clk 0:00:13]} 48. Rxa2 {[%clk 0:00:28]} Nxh4
{[%clk 0:00:10]} 49. gxh4 {[%clk 0:00:27]} Kh5 {[%clk 0:00:11]} 50. Bd1
{[%clk 0:00:25]} Kxh4 {[%clk 0:00:12]} 51. Nbc2 {[%clk 0:00:26]} g3
{[%clk 0:00:14]} 52. Ne1 {[%clk 0:00:27]} Kh3 {[%clk 0:00:14]} 53. Ne2
{[%clk 0:00:24]} Kh4 {[%clk 0:00:10]} 54. Nf4 {[%clk 0:00:25]} Rh8
{[%clk 0:00:08]} 55. Rg2 {[%clk 0:00:26]} Bc8 {[%clk 0:00:08]} 56. Rg1
{[%clk 0:00:27]} Rg8 {[%clk 0:00:08]} 57. Rh1+ {[%clk 0:00:27]} Kg5
{[%clk 0:00:09]} 58. Neg2 {[%clk 0:00:27]} Nd7 {[%clk 0:00:09]} 59. Rh5+
{[%clk 0:00:28]} Kf6 {[%clk 0:00:11]} 60. Rh6+ {[%clk 0:00:29]} Kg5
{[%clk 0:00:10]} 61. Rxd6 {[%clk 0:00:27]} Ne5 {[%clk 0:00:11]} 62. c5
{[%clk 0:00:19]} Rh8 {[%clk 0:00:11]} 63. c6 {[%clk 0:00:20]} bxc6
{[%clk 0:00:12]} 64. dxc6 {[%clk 0:00:21]} Rh1 {[%clk 0:00:13]} 65. b6
{[%clk 0:00:21]} Ba6 {[%clk 0:00:05]} 66. b7 {[%clk 0:00:20]} Nxc6
{[%clk 0:00:00]} 1-0

[Event "Blitz 2018"]
[Site "Saint-Petersburg"]
[Date "2018.12.29"]
[Round "5"]
[Board "70"]
[White "Gasanov Eldar (UKR)"]
[Black "Dzhumagaliev Yan (RUS)"]
[Result "0-1"]
[LiveChessVersion "1.4.8"]
[BlackElo "2489"]
[WhiteElo "2581"]

1. Nf3 {[%clk 0:03:02]} c5 {[%clk 0:03:04]} 2. b3 {[%clk 0:03:01]} Nc6
{[%clk 0:03:02]} 3. Bb2 {[%clk 0:03:02]} Nf6 {[%clk 0:03:01]} 4. e3
{[%clk 0:03:00]} a6 {[%clk 0:03:01]} 5. c4 {[%clk 0:02:52]} e6 {[%clk 0:03:02]}
6. d4 {[%clk 0:02:50]} d5 {[%clk 0:03:00]} 7. Nbd2 {[%clk 0:02:45]} cxd4
{[%clk 0:02:56]} 8. exd4 {[%clk 0:02:45]} Bd6 {[%clk 0:02:45]} 9. Rc1
{[%clk 0:02:43]} O-O {[%clk 0:02:41]} 10. Bd3 {[%clk 0:02:44]} dxc4
{[%clk 0:02:38]} 11. bxc4 {[%clk 0:02:43]} b5 {[%clk 0:02:18]} 12. c5
{[%clk 0:02:12]} Bf4 {[%clk 0:02:18]} 13. g3 {[%clk 0:02:02]} Bh6
{[%clk 0:02:18]} 14. O-O {[%clk 0:01:54]} Bb7 {[%clk 0:02:19]} 15. Bb1
{[%clk 0:01:15]} Qd5 {[%clk 0:02:20]} 16. Qb3 {[%clk 0:00:53]} Qh5
{[%clk 0:02:10]} 17. Rcd1 {[%clk 0:00:34]} Ne7 {[%clk 0:02:02]} 18. Ne5
{[%clk 0:00:20]} Qh3 19. f3 Nf5 {[%clk 0:01:41]} 20. Ne4 {[%clk 0:00:18]} Bxe4
{[%clk 0:01:35]} 21. fxe4 {[%clk 0:00:17]} Be3+ {[%clk 0:01:34]} 22. Rf2
{[%clk 0:00:15]} Bxf2+ {[%clk 0:01:35]} 23. Kxf2 {[%clk 0:00:16]} Qxh2+
{[%clk 0:01:36]} 24. Ke1 {[%clk 0:00:16]} Nxg3 {[%clk 0:01:34]} 25. Bd3
{[%clk 0:00:16]} Nfxe4 {[%clk 0:01:32]} 26. Bxe4 {[%clk 0:00:12]} Qe2#
{[%clk 0:01:32]} 0-1

[Event "Blitz 2018"]
[Site "Saint-Petersburg"]
[Date "2018.12.29"]
[Round "5"]
[Board "71"]
[White "Gareyev Timur (USA)"]
[Black "Hirneise Tobias (GER)"]
[Result "1-0"]
[LiveChessVersion "1.4.8"]
[BlackElo "2472"]
[WhiteElo "2577"]

1. d4 {[%clk 0:03:00]} d5 {[%clk 0:03:03]} 2. Bf4 {[%clk 0:02:59]} Nf6
{[%clk 0:03:04]} 3. e3 {[%clk 0:02:55]} c5 {[%clk 0:03:05]} 4. dxc5
{[%clk 0:02:56]} Qa5+ {[%clk 0:02:53]} 5. Nc3 {[%clk 0:02:36]} Qxc5
{[%clk 0:02:52]} 6. Nb5 {[%clk 0:02:33]} Na6 {[%clk 0:02:51]} 7. c3
{[%clk 0:02:28]} Bd7 {[%clk 0:02:42]} 8. a4 {[%clk 0:02:29]} g6 {[%clk 0:02:36]}
9. Qd4 {[%clk 0:02:23]} Qxd4 {[%clk 0:02:22]} 10. exd4 {[%clk 0:02:23]} Bg7
{[%clk 0:02:14]} 11. Nf3 {[%clk 0:02:24]} O-O {[%clk 0:02:15]} 12. h3
{[%clk 0:02:13]} Rfc8 {[%clk 0:02:17]} 13. Bd3 {[%clk 0:02:08]} Ne8
{[%clk 0:02:16]} 14. Ne5 {[%clk 0:02:00]} Bf5 {[%clk 0:02:07]} 15. Bxf5
{[%clk 0:02:00]} gxf5 {[%clk 0:02:08]} 16. g4 {[%clk 0:02:01]} fxg4
{[%clk 0:02:00]} 17. hxg4 {[%clk 0:02:02]} Nac7 {[%clk 0:01:58]} 18. Nd3
{[%clk 0:01:47]} a6 {[%clk 0:01:47]} 19. Nxc7 {[%clk 0:01:37]} Nxc7
{[%clk 0:01:48]} 20. Bxc7 {[%clk 0:01:33]} Rxc7 {[%clk 0:01:49]} 21. f4
{[%clk 0:01:34]} Rc6 {[%clk 0:01:45]} 22. Rh5 {[%clk 0:01:34]} Rh6
{[%clk 0:01:34]} 23. Rxh6 {[%clk 0:01:28]} Bxh6 {[%clk 0:01:35]} 24. Ra3
{[%clk 0:01:23]} Bf8 {[%clk 0:01:00]} 25. Rb3 {[%clk 0:01:16]} b5
{[%clk 0:01:01]} 26. axb5 axb5 27. Rxb5 {[%clk 0:01:16]} Ra1+ {[%clk 0:00:55]}
28. Kf2 {[%clk 0:01:12]} e6 {[%clk 0:00:48]} 29. f5 {[%clk 0:00:44]} Ra6
{[%clk 0:00:37]} 30. f6 {[%clk 0:00:41]} h6 {[%clk 0:00:37]} 31. Rb8
{[%clk 0:00:42]} Rc6 {[%clk 0:00:33]} 32. Ne5 {[%clk 0:00:37]} Rc7
{[%clk 0:00:34]} 33. Rd8 {[%clk 0:00:38]} 1-0

[Event "Blitz 2018"]
[Site "Saint-Petersburg"]
[Date "2018.12.29"]
[Round "5"]
[Board "72"]
[White "Tsydypov Zhamsaran (RUS)"]
[Black "Petrov Nikita (RUS)"]
[Result "1-0"]
[LiveChessVersion "1.4.8"]
[BlackElo "2468"]
[WhiteElo "2573"]

1. e4 {[%clk 0:03:02]} e5 {[%clk 0:03:03]} 2. Nf3 {[%clk 0:03:03]} Nc6
{[%clk 0:03:05]} 3. Bc4 {[%clk 0:03:05]} Bc5 {[%clk 0:03:05]} 4. d3
{[%clk 0:03:05]} Nf6 {[%clk 0:03:06]} 5. c3 {[%clk 0:03:06]} d6 {[%clk 0:03:07]}
6. O-O {[%clk 0:03:03]} a6 {[%clk 0:03:08]} 7. Nbd2 {[%clk 0:03:02]} Ba7
{[%clk 0:03:08]} 8. a4 {[%clk 0:02:44]} h6 {[%clk 0:03:07]} 9. b4
{[%clk 0:02:44]} O-O {[%clk 0:02:51]} 10. Bb3 {[%clk 0:02:42]} Ne7
{[%clk 0:02:51]} 11. Bc2 {[%clk 0:02:41]} Ng6 {[%clk 0:02:51]} 12. d4
{[%clk 0:02:42]} Re8 {[%clk 0:02:49]} 13. Re1 {[%clk 0:02:43]} Nh5
{[%clk 0:02:20]} 14. Bb2 {[%clk 0:02:40]} Nhf4 {[%clk 0:02:17]} 15. Nf1
{[%clk 0:02:34]} Qf6 {[%clk 0:02:10]} 16. Ne3 {[%clk 0:02:35]} Be6
{[%clk 0:01:54]} 17. g3 {[%clk 0:02:25]} Nh3+ {[%clk 0:01:46]} 18. Kg2
{[%clk 0:02:26]} Ng5 {[%clk 0:01:41]} 19. Ng1 {[%clk 0:02:25]} Nh7
{[%clk 0:00:46]} 20. h4 {[%clk 0:02:00]} Qd8 {[%clk 0:00:36]} 21. h5
{[%clk 0:01:54]} Ngf8 {[%clk 0:00:35]} 22. Nf3 {[%clk 0:01:55]} Ng5
{[%clk 0:00:23]} 23. dxe5 {[%clk 0:01:40]} Nxf3 {[%clk 0:00:22]} 24. Qxf3
{[%clk 0:01:40]} dxe5 {[%clk 0:00:23]} 25. Rad1 {[%clk 0:01:39]} Qc8
{[%clk 0:00:16]} 26. Nf5 {[%clk 0:01:38]} Nh7 {[%clk 0:00:13]} 27. Qg4
{[%clk 0:01:34]} Bxf5 {[%clk 0:00:13]} 28. exf5 {[%clk 0:01:29]} Nf6
{[%clk 0:00:14]} 29. Qf3 {[%clk 0:01:30]} c6 {[%clk 0:00:15]} 30. c4
{[%clk 0:01:30]} Qc7 {[%clk 0:00:12]} 31. c5 a5 32. Ba3 {[%clk 0:00:56]} axb4
{[%clk 0:00:13]} 33. Bxb4 {[%clk 0:00:57]} Rad8 {[%clk 0:00:11]} 34. Rd6
{[%clk 0:00:55]} Nd5 {[%clk 0:00:06]} 35. Ba3 {[%clk 0:00:55]} Qa5
{[%clk 0:00:04]} 36. Rxd8 {[%clk 0:00:51]} Rxd8 {[%clk 0:00:05]} 37. Rxe5
{[%clk 0:00:52]} Bxc5 {[%clk 0:00:06]} 38. Bb2 {[%clk 0:00:51]} Qd2
{[%clk 0:00:06]} 39. Re2 {[%clk 0:00:51]} Qg5 {[%clk 0:00:07]} 40. Bb3
{[%clk 0:00:17]} Nf6 {[%clk 0:00:08]} 41. Qc3 {[%clk 0:00:12]} Bd4 42. Qc4 Bxb2
{[%clk 0:00:04]} 43. Qxf7+ {[%clk 0:00:14]} Kh8 {[%clk 0:00:05]} 44. Rxb2
{[%clk 0:00:15]} Qxh5 {[%clk 0:00:05]} 45. Qxh5 {[%clk 0:00:16]} Nxh5
{[%clk 0:00:06]} 46. Bf7 {[%clk 0:00:16]} Nf6 {[%clk 0:00:06]} 47. Rxb7
{[%clk 0:00:17]} Ra8 {[%clk 0:00:03]} 48. Rc7 {[%clk 0:00:15]} Ne4
{[%clk 0:00:03]} 49. Rxc6 {[%clk 0:00:15]} Ng5 {[%clk 0:00:03]} 50. Bg6 Kg8 51.
Rc7 {[%clk 0:00:15]} Kf8 {[%clk 0:00:06]} 52. f3 {[%clk 0:00:14]} Rxa4
{[%clk 0:00:06]} 53. Rc2 {[%clk 0:00:11]} Ra7 {[%clk 0:00:06]} 54. Re2
{[%clk 0:00:11]} Nf7 {[%clk 0:00:07]} 55. f4 {[%clk 0:00:10]} Nd6
{[%clk 0:00:07]} 56. Re6 {[%clk 0:00:11]} Nf7 {[%clk 0:00:09]} 57. Kf3
{[%clk 0:00:11]} Ra3+ {[%clk 0:00:10]} 58. Kg4 {[%clk 0:00:13]} Ra7
{[%clk 0:00:07]} 59. Rc6 {[%clk 0:00:13]} Ke7 {[%clk 0:00:07]} 60. Rc8
{[%clk 0:00:15]} Nd6 {[%clk 0:00:06]} 61. Rg8 {[%clk 0:00:15]} Kf6
{[%clk 0:00:07]} 62. Kh5 {[%clk 0:00:12]} Ra3 {[%clk 0:00:07]} 63. Kg4
{[%clk 0:00:11]} Rb3 {[%clk 0:00:06]} 64. Ra8 {[%clk 0:00:12]} Rc3
{[%clk 0:00:07]} 65. Ra6 {[%clk 0:00:12]} Ke7 {[%clk 0:00:07]} 66. Ra7+
{[%clk 0:00:13]} Kf6 {[%clk 0:00:08]} 67. Rd7 {[%clk 0:00:14]} Rd3
{[%clk 0:00:09]} 68. Kh5 {[%clk 0:00:15]} Rd1 {[%clk 0:00:07]} 69. Kg4
{[%clk 0:00:16]} Rd3 {[%clk 0:00:08]} 70. Kh3 {[%clk 0:00:16]} Rd2
{[%clk 0:00:08]} 71. g4 {[%clk 0:00:15]} Rd3+ {[%clk 0:00:10]} 72. Kg2
{[%clk 0:00:17]} Rd4 {[%clk 0:00:05]} 73. Kf3 {[%clk 0:00:13]} Rd3+
{[%clk 0:00:06]} 74. Ke2 {[%clk 0:00:14]} Rd4 {[%clk 0:00:06]} 75. Ke3
{[%clk 0:00:13]} Rd1 {[%clk 0:00:08]} 76. Kf3 {[%clk 0:00:12]} Rd3+
{[%clk 0:00:09]} 77. Ke2 Rd4 78. Bh5 {[%clk 0:00:14]} Rd5 {[%clk 0:00:08]} 79.
Rc7 {[%clk 0:00:15]} Rd4 {[%clk 0:00:08]} 80. Ke3 {[%clk 0:00:14]} Re4+
{[%clk 0:00:09]} 81. Kf3 {[%clk 0:00:14]} Rd4 {[%clk 0:00:10]} 82. Rd7
{[%clk 0:00:13]} Rd3+ {[%clk 0:00:10]} 83. Ke2 {[%clk 0:00:13]} Rd4
{[%clk 0:00:12]} 84. Bg6 {[%clk 0:00:09]} Rd5 {[%clk 0:00:11]} 85. Bh7
{[%clk 0:00:10]} Rd4 {[%clk 0:00:11]} 86. Bg8 {[%clk 0:00:10]} h5
{[%clk 0:00:09]} 87. gxh5 {[%clk 0:00:07]} Kxf5 {[%clk 0:00:07]} 88. Rxg7
{[%clk 0:00:08]} Re4+ {[%clk 0:00:05]} 89. Kd3 {[%clk 0:00:09]} Rxf4
{[%clk 0:00:06]} 90. h6 {[%clk 0:00:10]} Rh4 {[%clk 0:00:07]} 91. h7
{[%clk 0:00:11]} Rh3+ {[%clk 0:00:07]} 92. Kd4 {[%clk 0:00:12]} Rh4+
{[%clk 0:00:07]} 93. Kd5 {[%clk 0:00:13]} Ne8 {[%clk 0:00:08]} 94. Be6+
{[%clk 0:00:10]} Kf6 {[%clk 0:00:05]} 95. Rf7+ {[%clk 0:00:07]} Kg6
{[%clk 0:00:07]} 96. Rf8 {[%clk 0:00:06]} Nf6+ {[%clk 0:00:07]} 97. Ke5
{[%clk 0:00:05]} Nxh7 {[%clk 0:00:07]} 98. Rg8+ {[%clk 0:00:06]} Kh6
{[%clk 0:00:08]} 99. Bf5 {[%clk 0:00:07]} Rh1 {[%clk 0:00:05]} 100. Rg6+
{[%clk 0:00:08]} Kh5 {[%clk 0:00:07]} 101. Rg7 {[%clk 0:00:09]} Ng5
{[%clk 0:00:07]} 102. Kf6 {[%clk 0:00:10]} Rg1 {[%clk 0:00:07]} 103. Rd7
{[%clk 0:00:07]} Kh4 {[%clk 0:00:06]} 104. Rd4+ {[%clk 0:00:07]} Kg3
{[%clk 0:00:04]} 105. Kxg5 {[%clk 0:00:06]} Kf3+ {[%clk 0:00:06]} 106. Kf6
{[%clk 0:00:06]} Ke3 {[%clk 0:00:06]} 107. Re4+ {[%clk 0:00:07]} Kf3
{[%clk 0:00:08]} 108. Ra4 {[%clk 0:00:07]} Ke3 {[%clk 0:00:08]} 109. Ke5
{[%clk 0:00:08]} Rg8 {[%clk 0:00:06]} 110. Ra3+ {[%clk 0:00:09]} Kd2
{[%clk 0:00:05]} 111. Be4 {[%clk 0:00:09]} Re8+ {[%clk 0:00:05]} 112. Kd4
{[%clk 0:00:10]} Rd8+ {[%clk 0:00:06]} 113. Bd5 {[%clk 0:00:11]} Rd7
{[%clk 0:00:05]} 114. Rh3 {[%clk 0:00:09]} Rd8 {[%clk 0:00:06]} 115. Rh2+
{[%clk 0:00:10]} Ke1 {[%clk 0:00:07]} 116. Ke3 {[%clk 0:00:09]} Kd1
{[%clk 0:00:04]} 117. Be4 {[%clk 0:00:10]} Kc1 {[%clk 0:00:04]} 118. Rc2+
{[%clk 0:00:10]} Kd1 {[%clk 0:00:06]} 119. Rc5 {[%clk 0:00:09]} Re8
{[%clk 0:00:04]} 120. Rb5 {[%clk 0:00:07]} Rc8 {[%clk 0:00:03]} 121. Rb2
{[%clk 0:00:06]} Kc1 {[%clk 0:00:03]} 122. Rb1# {[%clk 0:00:07]} 1-0

[Event "Blitz 2018"]
[Site "Saint-Petersburg"]
[Date "2018.12.29"]
[Round "5"]
[Board "73"]
[White "Zakhartsov Vladimir (RUS)"]
[Black "Iljiushenok Ilia (RUS)"]
[Result "0-1"]
[LiveChessVersion "1.4.8"]
[BlackElo "2467"]
[WhiteElo "2567"]

1. c4 {[%clk 0:03:04]} Nf6 {[%clk 0:03:02]} 2. Nc3 {[%clk 0:03:04]} g6
{[%clk 0:03:01]} 3. g3 {[%clk 0:03:03]} Bg7 {[%clk 0:03:02]} 4. Bg2
{[%clk 0:03:04]} O-O {[%clk 0:03:02]} 5. d4 {[%clk 0:03:02]} d6 {[%clk 0:03:02]}
6. Nf3 {[%clk 0:03:03]} Nc6 {[%clk 0:03:02]} 7. O-O {[%clk 0:02:56]} a6
{[%clk 0:03:03]} 8. d5 {[%clk 0:02:39]} Na5 {[%clk 0:03:03]} 9. Qd3
{[%clk 0:02:40]} c5 {[%clk 0:02:58]} 10. Nd2 {[%clk 0:02:34]} Rb8
{[%clk 0:02:56]} 11. a4 {[%clk 0:02:18]} Bd7 {[%clk 0:02:49]} 12. b3
{[%clk 0:02:09]} b5 {[%clk 0:02:15]} 13. axb5 {[%clk 0:02:05]} axb5
{[%clk 0:02:16]} 14. Rb1 {[%clk 0:01:46]} bxc4 {[%clk 0:02:05]} 15. bxc4
{[%clk 0:01:45]} Qc7 {[%clk 0:01:53]} 16. Bb2 {[%clk 0:01:41]} Rb7
{[%clk 0:01:46]} 17. Ba1 {[%clk 0:01:41]} Rfb8 {[%clk 0:01:44]} 18. Rxb7
{[%clk 0:01:37]} Rxb7 {[%clk 0:01:46]} 19. Rb1 {[%clk 0:01:37]} Ng4
{[%clk 0:01:42]} 20. Rxb7 {[%clk 0:01:10]} Qxb7 {[%clk 0:01:43]} 21. Qc2
{[%clk 0:01:11]} Ne5 {[%clk 0:01:31]} 22. Nce4 {[%clk 0:01:09]} Bf5
{[%clk 0:00:54]} 23. h3 {[%clk 0:00:57]} Qa6 {[%clk 0:00:52]} 24. Bxe5
{[%clk 0:00:46]} Bxe5 {[%clk 0:00:53]} 25. g4 Bxe4 {[%clk 0:00:51]} 26. Bxe4
{[%clk 0:00:41]} Qb6 {[%clk 0:00:48]} 27. Kg2 {[%clk 0:00:38]} Qb4
{[%clk 0:00:49]} 28. Bd3 {[%clk 0:00:37]} Kg7 {[%clk 0:00:49]} 29. e3
{[%clk 0:00:38]} Bc3 {[%clk 0:00:46]} 30. Ne4 {[%clk 0:00:35]} Ba1
{[%clk 0:00:40]} 31. g5 {[%clk 0:00:34]} h6 {[%clk 0:00:31]} 32. h4
{[%clk 0:00:25]} hxg5 {[%clk 0:00:31]} 33. hxg5 {[%clk 0:00:18]} Be5
{[%clk 0:00:17]} 34. f4 {[%clk 0:00:14]} Ba1 {[%clk 0:00:17]} 35. Qc1
{[%clk 0:00:13]} Bb2 {[%clk 0:00:12]} 36. Qc2 {[%clk 0:00:08]} Ba1
{[%clk 0:00:08]} 37. Qc1 {[%clk 0:00:10]} Bb2 38. Qc2 Ba1 {[%clk 0:00:09]} 39.
Qc1 {[%clk 0:00:13]} Bb2 {[%clk 0:00:11]} 40. Qc2 {[%clk 0:00:15]} Ba1
{[%clk 0:00:11]} 41. Ng3 {[%clk 0:00:11]} Qe1 {[%clk 0:00:08]} 42. Qe2
{[%clk 0:00:10]} Qc1 {[%clk 0:00:07]} 43. f5 {[%clk 0:00:10]} Be5
{[%clk 0:00:06]} 44. fxg6 {[%clk 0:00:07]} fxg6 {[%clk 0:00:07]} 45. Nf1
{[%clk 0:00:06]} Nb3 {[%clk 0:00:05]} 46. Qf3 {[%clk 0:00:05]} Nd2 47. Nxd2
{[%clk 0:00:04]} Qxd2+ {[%clk 0:00:06]} 48. Be2 {[%clk 0:00:05]} Bb2
{[%clk 0:00:03]} 49. Kf2 {[%clk 0:00:05]} Be5 {[%clk 0:00:04]} 50. Qe4
{[%clk 0:00:05]} Qb2 {[%clk 0:00:04]} 51. Kf3 {[%clk 0:00:05]} Qc1
{[%clk 0:00:05]} 52. Kg2 {[%clk 0:00:06]} Qe1 {[%clk 0:00:06]} 53. Qf3
{[%clk 0:00:07]} Qh4 {[%clk 0:00:07]} 54. Qg4 {[%clk 0:00:07]} Qh2+
{[%clk 0:00:08]} 55. Kf1 {[%clk 0:00:07]} Qh1+ {[%clk 0:00:09]} 56. Qg1
{[%clk 0:00:07]} Qe4 {[%clk 0:00:10]} 57. Qf2 {[%clk 0:00:05]} Bc3
{[%clk 0:00:07]} 58. Qf3 {[%clk 0:00:05]} Qh4 {[%clk 0:00:05]} 59. Qf4
{[%clk 0:00:03]} Qh1+ {[%clk 0:00:06]} 0-1

[Event "Blitz 2018"]
[Site "Saint-Petersburg"]
[Date "2018.12.29"]
[Round "5"]
[Board "74"]
[White "Moiseenko Vadim (RUS)"]
[Black "Hakobyan Aram (ARM)"]
[Result "1-0"]
[LiveChessVersion "1.4.8"]
[BlackElo "2451"]
[WhiteElo "2560"]

1. e4 {[%clk 0:03:03]} e5 {[%clk 0:03:02]} 2. Bc4 {[%clk 0:03:04]} Nf6
{[%clk 0:03:02]} 3. d3 {[%clk 0:03:05]} Bc5 {[%clk 0:03:00]} 4. Qf3
{[%clk 0:03:06]} c6 {[%clk 0:02:36]} 5. Bg5 {[%clk 0:03:07]} Be7 {[%clk 0:02:26]}
6. Nc3 {[%clk 0:03:05]} h6 {[%clk 0:02:21]} 7. Bh4 {[%clk 0:02:58]} O-O
{[%clk 0:01:57]} 8. h3 {[%clk 0:02:56]} b5 {[%clk 0:01:49]} 9. Bb3
{[%clk 0:02:57]} a5 {[%clk 0:01:46]} 10. a3 {[%clk 0:02:56]} Na6 {[%clk 0:01:46]}
11. Nge2 {[%clk 0:02:35]} Nc5 {[%clk 0:01:46]} 12. Ba2 {[%clk 0:02:36]} d6
{[%clk 0:01:35]} 13. Ng3 {[%clk 0:02:32]} b4 {[%clk 0:01:19]} 14. Bxf6
{[%clk 0:02:30]} Bxf6 {[%clk 0:01:18]} 15. Nd1 {[%clk 0:02:28]} Be6
{[%clk 0:01:02]} 16. Bxe6 {[%clk 0:02:22]} Nxe6 {[%clk 0:00:58]} 17. Nf5
{[%clk 0:02:21]} bxa3 {[%clk 0:00:55]} 18. Rxa3 {[%clk 0:02:22]} d5
{[%clk 0:00:48]} 19. O-O {[%clk 0:02:17]} Kh7 {[%clk 0:00:38]} 20. Nde3
{[%clk 0:02:17]} Ng5 {[%clk 0:00:36]} 21. Qg4 {[%clk 0:02:16]} g6
{[%clk 0:00:35]} 22. Ng3 {[%clk 0:02:15]} h5 {[%clk 0:00:26]} 23. Nxh5 gxh5 24.
Qxh5+ Kg8 25. exd5 {[%clk 0:01:48]} Bg7 {[%clk 0:00:17]} 26. dxc6
{[%clk 0:01:48]} f5 {[%clk 0:00:17]} 27. Rfa1 {[%clk 0:01:36]} f4
{[%clk 0:00:14]} 28. Ng4 {[%clk 0:01:31]} f3 {[%clk 0:00:14]} 29. g3
{[%clk 0:01:32]} e4 {[%clk 0:00:09]} 30. c7 {[%clk 0:01:30]} Qe7 {[%clk 0:00:10]}
31. Rxa5 {[%clk 0:01:25]} Rxa5 {[%clk 0:00:06]} 32. Rxa5 {[%clk 0:01:26]} Nf7
{[%clk 0:00:05]} 33. Ra7 {[%clk 0:00:56]} exd3 {[%clk 0:00:04]} 34. c8=Q
{[%clk 0:00:56]} Qe1+ {[%clk 0:00:04]} 35. Kh2 {[%clk 0:00:57]} Qf1
{[%clk 0:00:05]} 36. Qxf7+ {[%clk 0:00:56]} 1-0

[Event "Blitz 2018"]
[Site "Saint-Petersburg"]
[Date "2018.12.29"]
[Round "5"]
[Board "75"]
[White "Frolyanov Dmitry (RUS)"]
[Black "Baron Tal (ISR)"]
[Result "1-0"]
[LiveChessVersion "1.4.8"]
[BlackElo "2421"]
[WhiteElo "2557"]

1. e4 {[%clk 0:03:03]} e6 {[%clk 0:03:04]} 2. d4 {[%clk 0:03:04]} d5
{[%clk 0:03:06]} 3. Nc3 {[%clk 0:03:05]} Bb4 {[%clk 0:03:07]} 4. e5
{[%clk 0:03:05]} c5 {[%clk 0:03:08]} 5. Qg4 {[%clk 0:03:06]} Ne7 {[%clk 0:03:07]}
6. dxc5 {[%clk 0:03:07]} Nbc6 {[%clk 0:03:08]} 7. Bd2 {[%clk 0:03:07]} O-O
{[%clk 0:02:42]} 8. Bd3 {[%clk 0:03:07]} d4 {[%clk 0:02:33]} 9. Nf3
{[%clk 0:02:28]} Ng6 {[%clk 0:01:50]} 10. Bxg6 {[%clk 0:02:24]} fxg6
{[%clk 0:01:50]} 11. Ne4 {[%clk 0:02:22]} Qd5 {[%clk 0:01:39]} 12. Bxb4
{[%clk 0:01:59]} Nxb4 {[%clk 0:01:40]} 13. O-O {[%clk 0:01:58]} Nxc2
{[%clk 0:01:41]} 14. Rad1 {[%clk 0:01:59]} b6 {[%clk 0:01:25]} 15. cxb6
{[%clk 0:01:41]} axb6 {[%clk 0:01:26]} 16. Nc3 {[%clk 0:01:37]} Qc4
{[%clk 0:00:37]} 17. Rd2 {[%clk 0:00:49]} Ba6 {[%clk 0:00:38]} 18. Rfd1
{[%clk 0:00:29]} dxc3 {[%clk 0:00:31]} 19. Qxc4 {[%clk 0:00:30]} Bxc4
{[%clk 0:00:31]} 20. Rxc2 {[%clk 0:00:31]} Rxa2 {[%clk 0:00:28]} 21. Rxc3
{[%clk 0:00:32]} Be2 {[%clk 0:00:29]} 22. Rb1 {[%clk 0:00:31]} Bxf3
{[%clk 0:00:15]} 23. gxf3 {[%clk 0:00:32]} h6 {[%clk 0:00:15]} 24. Rc6
{[%clk 0:00:31]} b5 {[%clk 0:00:12]} 25. Rxe6 {[%clk 0:00:30]} Rxf3
{[%clk 0:00:13]} 26. Rxg6 {[%clk 0:00:24]} Rb3 {[%clk 0:00:11]} 27. Rd1
{[%clk 0:00:19]} Rbxb2 {[%clk 0:00:05]} 28. Rd7 {[%clk 0:00:20]} Rxf2
{[%clk 0:00:04]} 29. Rgxg7+ {[%clk 0:00:21]} Kf8 {[%clk 0:00:05]} 30. e6
{[%clk 0:00:22]} Rfe2 {[%clk 0:00:05]} 31. Rdf7+ {[%clk 0:00:23]} 1-0